|
|
|
|
| LEADER |
01402nam a2200301 u 4500 |
| 001 |
10118725 |
| 003 |
upatras |
| 005 |
20210117205707.0 |
| 008 |
160113s2015 uk eng |
| 020 |
|
|
|a 9781107038110
|
| 040 |
|
|
|a GR-PaULI
|c GR-PaULI
|
| 041 |
0 |
|
|a eng
|
| 082 |
1 |
4 |
|a 415
|2 23
|
| 100 |
1 |
|
|a Παναγιωτίδης, Φοίβος,
|d 1973-
|4 aut
|9 148244
|
| 245 |
1 |
0 |
|a Categorial features
|b a generative theory of word class categories
|c Phoevos Panagiotidis
|
| 260 |
|
|
|a Cambridge
|b Cambridge University press
|c c2015
|
| 300 |
|
|
|a xv, 207 p.
|c 23 cm.
|
| 490 |
0 |
|
|a Cambridge studies in linguistics
|v 145
|
| 504 |
|
|
|a Includes bibliographical references and index.
|
| 650 |
|
4 |
|a Κατηγοριακή γραμματική
|9 148240
|
| 650 |
|
4 |
|a Γλώσσα, Καθολική
|9 59789
|
| 650 |
|
4 |
|9 58447
|a Γραμματική, Συγκριτική και γενική
|x Γραμματικοποίηση
|
| 760 |
0 |
|
|a Cambridge studies in linguistics
|g 145
|
| 852 |
|
|
|a GR-PaULI
|b ΠΑΤΡΑ
|b ΦΙΛΟΛΟΓΙΑ
|k ΔΑΝΕΙΖ-6
|h 415 ΠΑΝ
|m 14532
|p 025000196500
|t 1
|
| 942 |
|
|
|2 ddc
|
| 952 |
|
|
|0 0
|1 0
|2 ddc
|4 0
|6 415_000000000000000_ΠΑΝ
|7 0
|9 187702
|a LISP
|b LISP
|c BSC
|d 2016-04-24
|i 14532
|l 1
|o 415 ΠΑΝ
|p 025000196500
|r 2016-06-15 00:00:00
|s 2016-06-06
|t 1
|w 2016-04-24
|y BK15
|x Μεταφορά Τμήματος Φιλολογίας
|
| 998 |
|
|
|c ΑΝΔΡΙΚΟΠΟΥΛΟΥ
|d 2016-01
|
| 999 |
|
|
|c 115767
|d 115767
|